Czy To Państwo Ma Dostęp Do Morza (nagła śmierć) - Statystyki

Ogólne statystyki
  • Ten quiz został rozwiązany 74 razy
  • Średni wynik to 13 z 16
Answers on the Grid
Answers color-coded by a green-red scale on the quiz's grid according to % correct below.
Polska
Niemcy
Czechy
Szwajcaria
Francja
Austria
Hiszpania
Węgry
Włochy
Boliwia
Brazylia
Nepal
Mongolia
Paragwaj
Egipt
Maroko
Senegal
Czad
Mali
Botswana
Kolumbia
Argentyna
Tadżykistan
Uzbekistan
Wenezuela
Bhutan
Tajlandia
Wietnam
Chorwacja
Turcja
 
Statystyki odpowiedzi
Odpowiedź % Poprawnych
Polska
100%
Niemcy
98%
Włochy
95%
Francja
91%
Hiszpania
91%
Brazylia
82%
Egipt
77%
Maroko
77%
Chorwacja
75%
Tajlandia
75%
Turcja
73%
Argentyna
71%
Kolumbia
70%
Wenezuela
68%
Wietnam
64%
Senegal
52%
Nie znaleziono quizów pasujących do podanych kryteriów
Rozkład punktacji
Procent ludzi z każdym wynikiem
Percentyl według liczby udzielonych odpowiedzi
Twoja historia wyników
Nie rozwiązałeś tego quizu